The quest, the hurdles : (Record no. 111163)
[ view plain ]
| 000 -LEADER | |
|---|---|
| fixed length control field | 00513cam a2200169 a 4500 |
| 001 - CONTROL NUMBER | |
| control field | 13968515 |
| 005 - DATE AND TIME OF LATEST TRANSACTION | |
| control field | 20190308111715.0 |
| 008 - FIXED-LENGTH DATA ELEMENTS--GENERAL INFORMATION | |
| fixed length control field | 050120s2004 ii 000 0 eng |
| 020 ## - INTERNATIONAL STANDARD BOOK NUMBER | |
| International Standard Book Number | 8122006736 (v. 2) |
| 040 ## - CATALOGING SOURCE | |
| Transcribing agency | PK-LaUMT |
| 082 00 - DEWEY DECIMAL CLASSIFICATION NUMBER | |
| Classification number | 954.052 |
| Edition number | 22 |
| Item number | SHE-Q |
| 100 0# - MAIN ENTRY--PERSONAL NAME | |
| Personal name | Shekhar, Chandra |
| 245 14 - TITLE STATEMENT | |
| Title | The quest, the hurdles : |
| Remainder of title | a socialist testament / |
| Statement of responsibility, etc | by Chandra Shekhar ; foreword by P.V. Narasimha Rao |
| 260 ## - PUBLICATION, DISTRIBUTION, ETC. (IMPRINT) | |
| Place of publication, distribution, etc | Delhi : |
| Name of publisher, distributor, etc | Konark Publishers, |
| Date of publication, distribution, etc | 2004 |
| 300 ## - PHYSICAL DESCRIPTION | |
| Extent | 334 (2 v.) ; |
| Dimensions | 25 cm. |
| 942 ## - ADDED ENTRY ELEMENTS (KOHA) | |
| Koha item type | Books |
| Withdrawn status | Lost status | Damaged status | Home library | Current library | Date acquired | Full call number | Barcode | Date last seen | Price effective from | Koha item type |
|---|---|---|---|---|---|---|---|---|---|---|
| UMT Main Campus | UMT Main Campus | 2019-03-08 | 954.052 SHE-Q | 125531 | 2019-03-08 | 2019-03-08 | Books |
